| 000 | 00629nam a2200205Ia 4500 | ||
|---|---|---|---|
| 003 | SISC | ||
| 005 | 20180912132339.0 | ||
| 008 | 180905s9999 xx 000 0 und d | ||
| 020 | _a9780766086531 | ||
| 050 |
_aLB 1576 _b.G739 2018 |
||
| 100 | _aGreen, Lyric | ||
| 245 |
_cLyric Green; Dana Meachen Rau _aFuture ready creative writing projects/ |
||
| 260 |
_aNY : _bEnslow Publishing, _c2018 |
||
| 300 |
_a48 pages : _bcolored illustrations ; _c24 cm. |
||
| 500 | _aincludes index and bibliography | ||
| 650 | _aCreative writing -- juvenile literature | ||
| 650 | _aEnglish language | ||
| 942 |
_2lcc _cBK |
||
| 999 |
_c358541 _d358541 |
||